Pápežské misijné diela Košicej diecézy v rokoch 1989-2013

Bibliographic Details
Main Author: Kondis, Štefan (Author)
Format: Book
Language:Slovak
PhysicalDescription:197 strán fotografie, tabuľky 21 cm
Published: Prešov Tlačiareň Kušnír 2017
ISBN:9788089404490
Edition:Vydanie prvé
Subjects:

MARC

LEADER 00000nam a2200000 4500
001 vtls011745969
003 SK-MaSNL
005 20260301182919.0
008 200228s2017 xo ol g n 000 0 slo
015 |a SNBA2018/04 
020 |a 9788089404490  |q (brožované) 
035 |a urn:nbn:sk:snk-am00da9s 
035 |a urn:nbn:sk:snk-am3hvb0 
035 |a 758C9D05-A115-4429-9432-AFA78B4C3A3D 
040 |a SNK  |b slo  |c SNK  |e rda 
041 0 |a slo 
043 |a e-xo--- 
044 |a xo  |c SK 
072 7 |a 27  |x Kresťanstvo. Kresťanská cirkev všeobecne. Ekleziológia  |2 konspekt 
080 |a 27-762  |2 2011 
080 |a (437.6)  |2 2011 
080 |a 27  |2 2011 
080 |a 27-766  |2 2011 
080 |a 27-662:3  |2 2011 
080 |a (048.8)  |2 2011 
100 1 |a Kondis, Štefan  |4 aut  |9 374652 
245 1 0 |a Pápežské misijné diela Košicej diecézy v rokoch 1989-2013  |c Štefan Kondis 
250 |a Vydanie prvé 
264 1 |a Prešov  |b Tlačiareň Kušnír  |c 2017 
300 |a 197 strán  |b fotografie, tabuľky  |c 21 cm 
336 |a text  |b txt  |2 rdacontent 
337 |a bez média  |b n  |2 rdamedia 
338 |a zväzok  |b nc  |2 rdacarrier 
500 |a Vydané pre Inštitút cirkevných dejín pri KU v Ružomberku TF 
504 |a Bibliografia na strane 132-136 ; bibliografické odkazy ; poznámky ; skratky 
610 2 7 |a Pápežské misijné diela  |2 SNKKA  |9 34243 
610 2 7 |a Rímskokatolícka cirkev.  |b Košická arcidiecéza  |2 SNKKA  |9 32396 
648 7 |a 1989-2013  |2 SNKPH  |9 485769 
650 0 7 |a misijná činnosť  |2 SNKPH  |9 68660 
650 0 7 |a Mission activities  |2 SNKPHeng  |9 266633 
650 0 7 |a kresťanská viera  |2 SNKPH  |9 1712 
650 0 7 |a Christian faith  |2 SNKPHeng  |9 266204 
650 0 7 |a evanjelizácia  |2 SNKPH  |9 4098 
650 0 7 |a Evangelistic work  |2 SNKPHeng  |9 282531 
650 0 7 |a kresťanstvo a spoločnosť  |2 SNKPH  |9 4227 
650 0 7 |a Christianity and civilization  |2 SNKPHeng  |9 268313 
655 7 |a monografie  |2 SNKPH  |9 70139 
655 7 |a Monographs  |2 SNKPHeng  |9 120675 
710 2 |a Katolícka univerzita v Ružomberku.  |b Teologická fakulta v Košiciach.  |b Inštitút cirkevných dejín  |4 pbl  |9 181901 
919 |a 978-80-89404-49-0 
958 |a NB 
958 |a NT 
999 |c 855232  |d 857162 
952 |a SNK  |b SNK  |y PREZ  |7 0  |p 17A1322209  |o snkSC 178624  |i snk2018/6267  |8 0  |0 0  |1 0  |4 0  |d 2018-03-13  |f 1  |l 0  |r 2025-09-19 00:00:00  |w 2026-02-24 
952 |a SNK  |b SNK  |y VYP  |7 0  |p 17A1322210  |o snkSC 178624 D1  |i snk2018/6268  |8 0  |0 0  |1 0  |4 0  |d 2018-03-13  |l 0  |r 2026-02-24 04:54:29  |w 2026-02-24